| 000 | 00751cam a22002292 4500 | ||
|---|---|---|---|
| 001 | 0000021408 | ||
| 005 | 20151217145936.0 | ||
| 008 | 120424s xx 000 0 eng d | ||
| 020 | _a0414045965 | ||
| 040 |
_aKABU _cKABU |
||
| 100 | 1 |
_aMegarry, Robert. _@0000160400 |
|
| 245 | 1 | 4 |
_aThe Law of real property / _cRobert Megarry and William Wade. |
| 250 |
_a8th ed. / _bCharles Harpum with Malcolm Grant and Stuart Bridge. |
||
| 260 |
_aLondon : _bSweet & Maxwell, _c2012. |
||
| 300 | _acclxxix, 1668 p. | ||
| 650 | 0 |
_aReal property _zEngland. _@0000160401 |
|
| 700 | 1 |
_aWade, William. _@0000160152 |
|
| 700 | 1 |
_aHarpum, Charles. _@0000160402 |
|
| 852 | 1 | _9p37,000 KES | |
| 908 | _a120424 | ||
| 950 | _@1 | ||
| 999 |
_c4310 _d4310 |
||